[Event "Rostov on Don rapid GP Stage 28th"]
[Site "Rostov on Don"]
[Date "2021.10.30"]
[Round "9"]
[White "Saidov, Bilukhadzh"]
[Black "Mirzoyan, Lavrenty"]
[Result "1-0"]
[WhiteElo "2301"]
[BlackElo "2215"]
[PlyCount "153"]
[EventDate "2021.10.29"]
[EventType "swiss"]
[EventRounds "11"]
[EventCountry "RUS"]
[SourceTitle "CBM 204 Extra"]
[Source "ChessBase"]
[SourceDate "2021.11.30"]
[SourceVersion "1"]
[SourceVersionDate "2021.11.30"]
[SourceQuality "1"]

1. d4 d5 2. Bf4 c5 3. e3 Nc6 4. c3 Nf6 5. Nd2 e6 6. Ngf3 Bd6 7. Bg3 0-0 8. Bb5 Ne7 9. Bd3 Nf5 10. Bxf5 exf5 11. dxc5 Bxc5 12. 0-0 Ne4 13. Nd4 Nxg3 14. hxg3 g6 15. Qb3 b6 16. Rfd1 Bb7 17. N2f3 Qe7 18. Rd2 Rad8 19. Rad1 Rd7 20. Qa4 a6 21. Ne2 b5 22. Qb3 Rfd8 23. Nf4 Qe4 24. Nd4 h6 25. a4 bxa4 26. Qxa4 Rd6 27. Qa5 Bb6 28. Qa3 Qe7 29. Nf3 Qf6 30. c4 R6d7 31. Nxd5 Bxd5 32. cxd5 Ba7 33. Rd3 Rb8 34. b3 g5 35. Qa4 Rb5 36. g4 Bc5 37. gxf5 Qxf5 38. Qxa6 Rbb7 39. Qxh6 f6 40. Qh5 Rd8 41. Nh2 Rb4 42. Qf3 Qxf3 43. Nxf3 g4 44. Nd2 Rdb8 45. Kf1 f5 46. d6 Kf7 47. Rd5 Bb6 48. Rxf5+ Ke6 49. Rf4 Rxf4 50. exf4 Bd8 51. g3 Kxd6 52. Nc4+ Ke6 53. Ne3 Be7 54. Nxg4 Rxb3 55. Re1+ Kf7 56. Ne5+ Kf6 57. Rc1 Ba3 58. Rc6+ Kf5 59. Kg2 Bb2 60. Nf3 Bg7 61. Rc5+ Ke6 62. f5+ Kd6 63. Ra5 Bc3 64. Ra6+ Kd5 65. g4 Ke4 66. Ra4+ Kd5 67. g5 Bb4 68. g6 Bc3 69. Ra7 Rb4 70. Kg3 Ke4 71. Rf7 Bb2 72. Ng5+ Kd5 73. f4 Rb8 74. f6 Rg8 75. g7 Ba3 76. Kg4 Bd6 77. Rd7 1-0

[Event "Rostov on Don rapid GP Stage 28th"]
[Site "Rostov on Don"]
[Date "2021.10.29"]
[Round "5"]
[White "Kornyukov, Alexey"]
[Black "Mirzoyan, Lavrenty"]
[Result "0-1"]
[WhiteElo "2452"]
[BlackElo "2215"]
[PlyCount "130"]
[EventDate "2021.10.29"]
[EventType "swiss"]
[EventRounds "11"]
[EventCountry "RUS"]
[SourceTitle "CBM 204 Extra"]
[Source "ChessBase"]
[SourceDate "2021.11.30"]
[SourceVersion "1"]
[SourceVersionDate "2021.11.30"]
[SourceQuality "1"]

1. d4 d5 2. c4 c6 3. Nf3 e6 4. e3 Nf6 5. Nbd2 Nbd7 6. Bd3 Bd6 7. 0-0 0-0 8. e4 e5 9. cxd5 cxd5 10. exd5 exd4 11. Nc4 Nb6 12. Nxd4 Nxc4 13. Bxc4 Bxh2+ 14. Kxh2 Qc7+ 15. d6 Qxc4 16. Bf4 Bd7 17. b3 Qd5 18. Kg1 Rfe8 19. Nf3 Qh5 20. Re1 Qg4 21. Bg3 Rxe1+ 22. Nxe1 Qg6 23. Nf3 Bg4 24. Rc1 Qe4 25. Rc4 Qf5 26. Rf4 Qh5 27. Qd4 Re8 28. Qd2 h6 29. Rd4 Bxf3 30. gxf3 Qxf3 31. d7 Rd8 32. Rf4 Qc6 33. Rc4 Qxd7 34. Qc3 Qd1+ 35. Kg2 Qd5+ 36. Kg1 Ne4 37. Qe3 Nxg3 38. Qxg3 Qd1+ 39. Kg2 Qh5 40. Rg4 Qd5+ 41. Kh2 g6 42. Qf4 Qd6 43. Qxd6 Rxd6 44. Rc4 Rd2 45. Kg3 Rxa2 46. Rc7 b6 47. f3 Rb2 48. Rxa7 Rxb3 49. Kf4 Kg7 50. Kg4 h5+ 51. Kf4 Rb4+ 52. Kg3 g5 53. Rb7 Kg6 54. Rd7 h4+ 55. Kh3 f6 56. Rd6 Rb3 57. Kg4 b5 58. Rb6 Rb4+ 59. Kh3 Kf5 60. Rd6 Ke5 61. Rc6 f5 62. Rc8 Rb3 63. Re8+ Kf4 64. Kg2 Rb2+ 65. Kh3 g4+ 0-1